header

Conquered conquistadors (Record no. 66427)

MARC details
000 -LEADER
fixed length control field 02072nam a2200445 a 4500
082 04 - DEWEY DECIMAL CLASSIFICATION NUMBER
Classification number 972.0009/031
100 1# - MAIN ENTRY--AUTHOR NAME
Personal name Asselbergs, Florine G. L.
245 10 - TITLE STATEMENT
Title Conquered conquistadors
250 ## - EDITION STATEMENT
Edition statement New ed., Illustrated ed.
260 ## - PUBLICATION, DISTRIBUTION, ETC. (IMPRINT)
Place of publication Boulder, Colo. :
Name of publisher University Press of Colorado,
Year of publication [2008]
300 ## - PHYSICAL DESCRIPTION
Number of Pages xv, 372 p. :
Other physical details ill., maps.
490 1# - SERIES STATEMENT
Series statement Mesoamerican worlds
500 ## - GENERAL NOTE
General note Includes folded col. poster of the Lienzo de Quauhquechollan (48 x 63 cm.) in pocket.
650 #0 - SUBJECT ADDED ENTRY--TOPICAL TERM
Topical Term Manuscripts, Nahuatl
Topical Term Aztecs
856 40 - ELECTRONIC LOCATION AND ACCESS
Uniform Resource Identifier http://site.ebrary.com/lib/rucke/Doc?id=10333620

No items available.

© 2026 Rongo University
Contact us: librarian | system librarian | Rongo university